| 000 | 00926cam a22002774a 4500 | ||
|---|---|---|---|
| 003 | UPN | ||
| 005 | 20240806064016.0 | ||
| 008 | 090213s2004 es r 000 f spa d | ||
| 020 | _a8478447601 | ||
| 035 | _aUPN01000169264 | ||
| 040 |
_aUPN _bspa _cUPN |
||
| 049 | _aCG | ||
| 050 | 4 |
_aPR4611 A3 _bA48 2004m |
|
| 100 | 1 |
_aCarroll, Lewis, _d1832-1898 _930250 |
|
| 245 | 1 | 0 |
_aAlicia en el país de las maravillas / _cLewis Carroll ; traducción de Jaime de Ojeda ; invitación y actividades de Tomás Miranda Alonso. |
| 260 |
_aMadrid : _bSiruela, _c2004. |
||
| 300 | _a195 páginas | ||
| 490 | 0 | _aEscolar de filosofía | |
| 534 |
_pTraducción de: _tAlice's adventures in wonderland |
||
| 650 | 4 |
_aLiteratura inglesa _95228 |
|
| 650 | 4 |
_aLiteratura fantástica _98755 |
|
| 700 | 1 |
_aOjeda y Eiseley, Jaime de, _d1933- _etraductor _946286 |
|
| 905 | _aLibro | ||
| 942 |
_2lcc _cLIBRO |
||
| 999 |
_c141370 _d141370 |
||